| 000 | 01305cam a22003491 4500 | ||
|---|---|---|---|
| 001 | ca 30000859 | ||
| 003 | DLC | ||
| 005 | 20260227111123.0 | ||
| 008 | 771005m19209999cauabcf b 000 0 eng | ||
| 010 | _aca 30000859 | ||
| 035 | _a(OCoLC)3319797 | ||
| 040 |
_aDLC _cCCC _dOCoLC _dDLC |
||
| 042 | _apremarc | ||
| 050 | 0 | 0 |
_aQC852 _b.C3 |
| 100 | 1 |
_aCarpenter, Ford A. _q(Ford Ashman), _d1868- |
|
| 245 | 0 | 0 | _a[Collected papers] |
| 260 |
_aLos Angeles, Calif. _c1920- |
||
| 300 |
_apieces in v. _billus. (incl. ports., maps) plates, diagrs. _c27 cm. |
||
| 500 | _aPamphlets, reprints, clippings and mimeographed copies of articles from various publications, written by the manager of the Department of meteorology and aeronautics of the Los Angeles Chamber of Commerce. | ||
| 500 | _aCollected, bound and titled by the author. | ||
| 504 | _a"The bibliography of Ford Ashman Carpenter": vol. IV, no. 33. | ||
| 500 | _aLibrary has, v.3,4. | ||
| 650 | 0 | _aMeteorology. | |
| 650 | 0 | _aMeteorology in aeronautics. | |
| 650 | 0 |
_aMeteorology _zCalifornia. |
|
| 650 | 0 | _aAeronautics. | |
| 600 | 1 | 0 |
_aCarpenter, Ford Ashman, _d1868- _vBibliography. |
| 740 | 0 | _aTwenty weather reprints. | |
| 740 | 0 | _aWeather methods. | |
| 740 | 0 | _aClimatic and other comparisons. | |
| 740 | 0 | _aWeather and flight. | |
| 999 |
_c16666 _d16666 |
||